Barrios de Palma en el mapa - Estadísticas

Estadísticas generales
  • Esta prueba ha sido intentada 39 veces
  • La puntuación promedio es 21 de 88
Respuestas en el mapa
Las respuestas están codificadas por una escala verde-roja en el mapa de la prueba según el % correcto abajo.
 
Estadísticas de respuestas
Respuesta % Correcto
El Arenal
68%
El Molinar
68%
Can Pastilla
63%
Son Gotleu
63%
Pere Garau
58%
Génova
53%
Santa Catalina
53%
Son Ferriol
47%
Son Rapiña
47%
Cala Major
42%
El Terreno
42%
Establiments
42%
Portopí
42%
Son Sardina
42%
Son Vida
42%
El Rafal Nou
37%
El Rafal Vell
37%
Foners
37%
Sant Jordi
37%
Son Armadams
37%
El Coll d'en Rabassa
32%
La Calatrava
32%
L'Aranjassa
32%
La Soledad Norte
32%
La Soledad Sur
32%
Son Riera
32%
Son Serra-La Vileta
32%
Bons Aires
26%
Camp Redó
26%
Son Cladera
26%
Son Cotoner
26%
Son Dureta
26%
Son Oliva
26%
Son Roca
26%
Aeroport
21%
Arxiduc
21%
Bellver
21%
Can Capes
21%
Can Pere Antoni
21%
Cort
21%
El Jonquet
21%
El Vivero
21%
Jaime III
21%
La Bonanova
21%
La Indioteria (Rural)
21%
La Teulera
21%
Les Maravelles
21%
Polígono de Levante
21%
Sindicato
21%
Son Dameto
21%
Son Espanyol
21%
Amanecer
16%
Cas Capiscol
16%
El Fortí
16%
El Secar de la Real
16%
La Casa Blanca
16%
La Indioteria (Urba)
16%
La Seu
16%
Los Hostalets
16%
Plaza de Toros
16%
San Pedro
16%
Son Canals
16%
Verge de Lluc
16%
Estadio Balear
11%
La Lonja
11%
La Misión
11%
L'Olivera
11%
Los Almendros
11%
Marqués de la Fontsanta
11%
Montesión
11%
Plaza de los Patines
11%
Sant Agostí
11%
Son Xigala
11%
Son Ximelis
11%
Zona Portuária
11%
Camp d'en Serralta
5%
El Mercat
5%
San Jaime
5%
San Nicolás
5%
Son Anglada
5%
Son Espanyolet
5%
Son Forteza Nord
5%
Son Forteza Sud
5%
Son Peretó
5%
Son Rullán
5%
El Pilari
0%
Son Flor
0%
Son Malferit
0%
No se encontraron pruebas coincidentes
Distribución de puntuación
Porcentaje de gente con cada puntuación
Porcentaje por número respondido
Historial de tus puntuaciones
No has intentado esta prueba.